<?xml version="1.0" encoding="UTF-8"?>
<record
    xmlns:xsi="http://www.w3.org/2001/XMLSchema-instance"
    xsi:schemaLocation="http://www.loc.gov/MARC21/slim http://www.loc.gov/standards/marcxml/schema/MARC21slim.xsd"
    xmlns="http://www.loc.gov/MARC21/slim">

  <leader>02166nam0a2200409   4500</leader>
  <controlfield tag="001">RU\NLR\bibl\1021567</controlfield>
  <controlfield tag="005">20260409000518.0</controlfield>
  <datafield tag="010" ind1=" " ind2=" ">
    <subfield code="a">5-9757-0054-&#x425;</subfield>
    <subfield code="9">10000</subfield>
  </datafield>
  <datafield tag="021" ind1=" " ind2=" ">
    <subfield code="a">RU</subfield>
    <subfield code="b">2006-60759</subfield>
    <subfield code="9">3021</subfield>
  </datafield>
  <datafield tag="035" ind1=" " ind2=" ">
    <subfield code="a">(NLR Aleph) 001009098</subfield>
  </datafield>
  <datafield tag="090" ind1=" " ind2=" ">
    <subfield code="a">627081</subfield>
    <subfield code="c">627081</subfield>
  </datafield>
  <datafield tag="100" ind1=" " ind2=" ">
    <subfield code="a">20061213d2006    |||y0rusy50      ca</subfield>
  </datafield>
  <datafield tag="101" ind1="1" ind2=" ">
    <subfield code="a">rus</subfield>
    <subfield code="c">myn</subfield>
  </datafield>
  <datafield tag="102" ind1=" " ind2=" ">
    <subfield code="a">RU</subfield>
  </datafield>
  <datafield tag="105" ind1=" " ind2=" ">
    <subfield code="a">a   |||||||||</subfield>
  </datafield>
  <datafield tag="200" ind1="1" ind2=" ">
    <subfield code="a">&#x41F;&#x43E;&#x43F;&#x43E;&#x43B;&#x44C;-&#x412;&#x443;&#x445;</subfield>
    <subfield code="e">[&#x432; &#x43F;&#x435;&#x440;&#x435;&#x432;&#x43E;&#x434;&#x435; "&#x41A;&#x43D;&#x438;&#x433;&#x430; &#x43D;&#x430;&#x440;&#x43E;&#x434;&#x430;"]</subfield>
    <subfield code="e">&#x43C;&#x438;&#x444;&#x44B; &#x438;&#x43D;&#x434;&#x435;&#x439;&#x446;&#x435;&#x432; &#x426;&#x435;&#x43D;&#x442;&#x440;&#x430;&#x43B;&#x44C;&#x43D;&#x43E;&#x439; &#x410;&#x43C;&#x435;&#x440;&#x438;&#x43A;&#x438;</subfield>
    <subfield code="f">[&#x43F;&#x435;&#x440;. &#x441; &#x44F;&#x437;. &#x43A;&#x438;&#x447;&#x435;, &#x43A;&#x43E;&#x43C;&#x43C;&#x435;&#x43D;&#x442; &#x438; &#x43F;&#x43E;&#x441;&#x43B;&#x435;&#x441;&#x43B;. &#x434;.&#x438;&#x441;&#x442;.&#x43D;. &#x420;.&#x412;. &#x41A;&#x438;&#x43D;&#x436;&#x430;&#x43B;&#x43E;&#x432;&#x430;]</subfield>
  </datafield>
  <datafield tag="210" ind1=" " ind2=" ">
    <subfield code="a">&#x415;&#x43A;&#x430;&#x442;&#x435;&#x440;&#x438;&#x43D;&#x431;&#x443;&#x440;&#x433;</subfield>
    <subfield code="c">&#x423;-&#x424;&#x430;&#x43A;&#x442;&#x43E;&#x440;&#x438;&#x44F;</subfield>
    <subfield code="d">2006</subfield>
  </datafield>
  <datafield tag="215" ind1=" " ind2=" ">
    <subfield code="a">231 &#x441;.</subfield>
    <subfield code="c">&#x43A;&#x430;&#x440;&#x442;.</subfield>
    <subfield code="d">23</subfield>
  </datafield>
  <datafield tag="225" ind1="1" ind2=" ">
    <subfield code="a">Biblioteca mythologica</subfield>
    <subfield code="f">&#x441;&#x43E;&#x441;&#x442;. &#x412;. &#x425;&#x430;&#x440;&#x438;&#x442;&#x43E;&#x43D;&#x43E;&#x432;</subfield>
  </datafield>
  <datafield tag="300" ind1=" " ind2=" ">
    <subfield code="a">&#x412; &#x43C;&#x430;&#x43A;&#x435;&#x442;&#x435;: &#x41C;&#x438;&#x444;&#x44B; &#x438;&#x43D;&#x434;&#x435;&#x439;&#x446;&#x435;&#x432; &#x426;&#x435;&#x43D;&#x442;&#x440;&#x430;&#x43B;&#x44C;&#x43D;&#x43E;&#x439; &#x410;&#x43C;&#x435;&#x440;&#x438;&#x43A;&#x438;: &#x41F;&#x43E;&#x43F;&#x43E;&#x43B;&#x44C;-&#x412;&#x443;&#x445;; &#x420;&#x43E;&#x434;&#x43E;&#x441;&#x43B;&#x43E;&#x432;&#x43D;&#x430;&#x44F; &#x432;&#x43B;&#x430;&#x434;&#x44B;&#x43A; &#x422;&#x43E;&#x442;&#x43E;&#x43D;&#x438;&#x43A;&#x430;&#x43F;&#x430;&#x43D;&#x430;</subfield>
  </datafield>
  <datafield tag="320" ind1=" " ind2=" ">
    <subfield code="a">&#x411;&#x438;&#x431;&#x43B;&#x438;&#x43E;&#x433;&#x440;.: &#x441;. 202-218</subfield>
  </datafield>
  <datafield tag="320" ind1=" " ind2=" ">
    <subfield code="a">&#x423;&#x43A;&#x430;&#x437;. &#x438;&#x43C;&#x435;&#x43D;.: &#x441;. 219-225</subfield>
  </datafield>
  <datafield tag="320" ind1=" " ind2=" ">
    <subfield code="a">&#x423;&#x43A;&#x430;&#x437;. &#x433;&#x435;&#x43E;&#x433;&#x440;. &#x438; &#x44D;&#x442;&#x43D;. &#x43D;&#x430;&#x437;&#x432;.: &#x441;. 226-229</subfield>
  </datafield>
  <datafield tag="327" ind1="1" ind2=" ">
    <subfield code="a">&#x412; &#x43A;&#x43D;. &#x442;&#x430;&#x43A;&#x436;&#x435;: &#x420;&#x43E;&#x434;&#x43E;&#x441;&#x43B;&#x43E;&#x432;&#x43D;&#x430;&#x44F; &#x432;&#x43B;&#x430;&#x434;&#x44B;&#x43A; &#x422;&#x43E;&#x442;&#x43E;&#x43D;&#x438;&#x43A;&#x430;&#x43F;&#x430;&#x43D;&#x430;</subfield>
  </datafield>
  <datafield tag="464" ind1=" " ind2="0">
    <subfield code="1">2001#$a&#x420;&#x43E;&#x434;&#x43E;&#x441;&#x43B;&#x43E;&#x432;&#x43D;&#x430;&#x44F; &#x422;&#x43E;&#x442;&#x43E;&#x43D;&#x438;&#x43A;&#x430;&#x43F;&#x430;&#x43D;&#x430;</subfield>
    <subfield code="t">&#x420;&#x43E;&#x434;&#x43E;&#x441;&#x43B;&#x43E;&#x432;&#x43D;&#x430;&#x44F; &#x422;&#x43E;&#x442;&#x43E;&#x43D;&#x438;&#x43A;&#x430;&#x43F;&#x430;&#x43D;&#x430;</subfield>
  </datafield>
  <datafield tag="500" ind1=" " ind2=" ">
    <subfield code="8">rus</subfield>
    <subfield code="a">&#x41F;&#x43E;&#x43F;&#x43E;&#x43B;&#x44C;-&#x412;&#x443;&#x445;</subfield>
    <subfield code="7">ca</subfield>
    <subfield code="3">RU\NLR\AUTH\5509623</subfield>
    <subfield code="9">2669071</subfield>
  </datafield>
  <datafield tag="517" ind1="0" ind2=" ">
    <subfield code="a">&#x41C;&#x438;&#x444;&#x44B; &#x438;&#x43D;&#x434;&#x435;&#x439;&#x446;&#x435;&#x432; &#x426;&#x435;&#x43D;&#x442;&#x440;&#x430;&#x43B;&#x44C;&#x43D;&#x43E;&#x439; &#x410;&#x43C;&#x435;&#x440;&#x438;&#x43A;&#x438;: &#x41F;&#x43E;&#x43F;&#x43E;&#x43B;&#x44C;-&#x412;&#x443;&#x445;; &#x420;&#x43E;&#x434;&#x43E;&#x441;&#x43B;&#x43E;&#x432;&#x43D;&#x430;&#x44F; &#x432;&#x43B;&#x430;&#x434;&#x44B;&#x43A; &#x422;&#x43E;&#x442;&#x43E;&#x43D;&#x438;&#x43A;&#x430;&#x43F;&#x430;&#x43D;&#x430;</subfield>
  </datafield>
  <datafield tag="517" ind1="0" ind2=" ">
    <subfield code="a">&#x41A;&#x43D;&#x438;&#x433;&#x430; &#x43D;&#x430;&#x440;&#x43E;&#x434;&#x430;</subfield>
  </datafield>
  <datafield tag="605" ind1=" " ind2=" ">
    <subfield code="a">"&#x41F;&#x43E;&#x43F;&#x43E;&#x43B;&#x44C;-&#x412;&#x443;&#x445;"</subfield>
    <subfield code="l">&#x441;&#x431;&#x43E;&#x440;&#x43D;&#x438;&#x43A; &#x43C;&#x438;&#x444;&#x43E;&#x432; &#x438;&#x43D;&#x434;&#x435;&#x439;&#x446;&#x435;&#x432; &#x426;&#x435;&#x43D;&#x442;&#x440;&#x430;&#x43B;&#x44C;&#x43D;&#x43E;&#x439; &#x410;&#x43C;&#x435;&#x440;&#x438;&#x43A;&#x438;</subfield>
    <subfield code="9">1168173</subfield>
    <subfield code="3">RU\NLR\auth\66468463</subfield>
  </datafield>
  <datafield tag="686" ind1=" " ind2=" ">
    <subfield code="a">&#x428;3(74=&#x418;&#x43D;)-60</subfield>
  </datafield>
  <datafield tag="702" ind1=" " ind2="1">
    <subfield code="4">730</subfield>
    <subfield code="7">ca</subfield>
    <subfield code="8">rus</subfield>
    <subfield code="a">&#x41A;&#x438;&#x43D;&#x436;&#x430;&#x43B;&#x43E;&#x432;</subfield>
    <subfield code="b">&#x420;. &#x412;.</subfield>
    <subfield code="c">&#x434;-&#x440; &#x438;&#x441;&#x442;. &#x43D;&#x430;&#x443;&#x43A;, &#x44D;&#x442;&#x43D;&#x43E;&#x433;&#x440;&#x430;&#x444;</subfield>
    <subfield code="f">1920-2006</subfield>
    <subfield code="g">&#x420;&#x43E;&#x441;&#x442;&#x438;&#x441;&#x43B;&#x430;&#x432; &#x412;&#x430;&#x441;&#x438;&#x43B;&#x44C;&#x435;&#x432;&#x438;&#x447;</subfield>
    <subfield code="3">RU\NLR\AUTH\770278052</subfield>
    <subfield code="9">2650019</subfield>
  </datafield>
  <datafield tag="801" ind1=" " ind2="0">
    <subfield code="a">RU</subfield>
    <subfield code="b">NLR</subfield>
    <subfield code="c">20061213</subfield>
    <subfield code="g">rcr</subfield>
  </datafield>
  <datafield tag="801" ind1=" " ind2="1">
    <subfield code="a">RU</subfield>
    <subfield code="b">NLR</subfield>
    <subfield code="c">20061213</subfield>
  </datafield>
  <datafield tag="942" ind1=" " ind2=" ">
    <subfield code="c">BOOK</subfield>
  </datafield>
  <datafield tag="980" ind1=" " ind2=" ">
    <subfield code="a">NB</subfield>
  </datafield>
  <datafield tag="995" ind1=" " ind2=" ">
    <subfield code="5">2006-11-10</subfield>
    <subfield code="a">ad</subfield>
    <subfield code="b">NLR02</subfield>
    <subfield code="c">NLR02</subfield>
    <subfield code="e">UCHZ</subfield>
    <subfield code="f">1-252443</subfield>
    <subfield code="k">&#x423;  &#x428;3(7)0/&#x41F;-584</subfield>
    <subfield code="o">0</subfield>
    <subfield code="r">BOOK</subfield>
    <subfield code="s">_370584</subfield>
  </datafield>
  <datafield tag="995" ind1=" " ind2=" ">
    <subfield code="5">2006-11-10</subfield>
    <subfield code="a">ad</subfield>
    <subfield code="b">NLR01</subfield>
    <subfield code="c">NLR01</subfield>
    <subfield code="e">OZ2</subfield>
    <subfield code="f">1-99865</subfield>
    <subfield code="k">&#x41B;1 &#x428;3(7)/&#x41F;-584</subfield>
    <subfield code="o">0</subfield>
    <subfield code="p">0.00</subfield>
    <subfield code="r">BOOK</subfield>
    <subfield code="s">1_37584</subfield>
  </datafield>
  <datafield tag="995" ind1=" " ind2=" ">
    <subfield code="5">2006-12-13</subfield>
    <subfield code="a">aa</subfield>
    <subfield code="b">NLR01</subfield>
    <subfield code="c">NLR01</subfield>
    <subfield code="e">RF3</subfield>
    <subfield code="f">1-341082</subfield>
    <subfield code="k">2006-5/9286</subfield>
    <subfield code="o">0</subfield>
    <subfield code="p">195.00</subfield>
    <subfield code="r">BOOK</subfield>
    <subfield code="s">200659286_</subfield>
  </datafield>
  <datafield tag="995" ind1=" " ind2=" ">
    <subfield code="5">2007-03-21</subfield>
    <subfield code="a">aa</subfield>
    <subfield code="b">NLR01</subfield>
    <subfield code="c">NLR01</subfield>
    <subfield code="e">OBM02</subfield>
    <subfield code="f">2392173</subfield>
    <subfield code="o">0</subfield>
    <subfield code="p">195.00</subfield>
    <subfield code="r">BOOK</subfield>
  </datafield>
</record>
